Countries with the Most Bridges - Statistics

General Stats
  • This quiz has been taken 155 times
  • The average score is 29 of 50
Answer Stats
Number Country % Correct
56 China
98%
79 United States
97%
11 Russia
91%
3 France
90%
29 India
88%
3 United Kingdom
87%
6 Canada
86%
5 Germany
86%
9 Italy
86%
5 Brazil
85%
2 Mexico
85%
1 Spain
84%
1 Sweden
84%
8 Japan
83%
5 Australia
79%
5 Portugal
75%
2 Argentina
73%
5 Denmark
72%
8 South Korea
72%
1 Turkey
72%
2 Egypt
69%
5 Indonesia
67%
2 Netherlands
67%
5 Thailand
66%
3 Pakistan
63%
2 Colombia
62%
1 Ukraine
62%
2 Saudi Arabia
58%
1 Peru
57%
5 Malaysia
56%
8 Philippines
54%
7 Vietnam
54%
6 Bangladesh
51%
2 Venezuela
50%
3 Myanmar
44%
1 Kazakhstan
43%
2 Singapore
43%
1 Romania
42%
6 Taiwan
42%
1 Uruguay
40%
1 Nigeria
35%
1 Serbia
34%
3 Kuwait
24%
2 Bahrain
22%
1 Brunei
18%
3 Hong Kong
11%
3 Mozambique
10%
2 Gabon
8%
1 Macau
8%
1 Reunion
3%
No matching quizzes found
Score Distribution
Percent of People with Each Score
Percentile by Number Answered
Your Score History
You have not taken this quiz